000 00479cam a22001814a 4500
005 20250605163517.0
008 250528s ||||||||||||||||||||||||d
035 _a20773
020 _a9600103364
040 _aGR-AtMCL
_bgre
_dGR-AtMCL
_eAACR2
245 1 _aΚΕΙΜΕΝΑ ΕΞΕΛΙΚΤΙΚΗΣ ΨΥΧΟΛΟΓΙΑΣ: ΣΚΕΨΗ
250 _a1
260 _bGutenberg
_bΣυλλογικο,
_c1992
300 _a236
942 _cBK
999 _c5856
_d5856